000 00250nam a2200097Ia 4500
001 916354
005 20250826185851.0
008 250824s9999 xx 000 0 und d
245 0 _aKOMİSER GORDON İLK DAVA
_cULF NILSSON
260 _bHEP KİTAP YAYINLARI
999 _c916354
_d916354